The Marketing Customer Interface 1999-2000 (Record no. 1444)

MARC details
005 - DATE AND TIME OF LATEST TRANSACTION
control field 20250621083544.0
020 ## - INTERNATIONAL STANDARD BOOK NUMBER
International Standard Book Number 0-7506-4369-2
082 ## - DEWEY DECIMAL CLASSIFICATION NUMBER
Classification number 658.834 PHI
100 ## - MAIN ENTRY--PERSONAL NAME
Author name PHIPPS, R.
245 ## - TITLE STATEMENT
Title The Marketing Customer Interface 1999-2000
260 ## - PUBLICATION, DISTRIBUTION, ETC.
Place of publication, distribution, etc. UK,
Name of publisher, distributor, etc. CIM Workbook,
Date of publication, distribution, etc. 2000.
300 ## - PHYSICAL DESCRIPTION
Extent xiii, 338p.: ill.; table, figure,
Other physical details Glossary, index,
Dimensions 29cm.
700 ## - ADDED ENTRY--PERSONAL NAME
Other authors/Editors SIMMONS, C.
856 ## - ELECTRONIC LOCATION AND ACCESS
Link text Access Online Book
Electronic name The Marketing Customer Interface 1999-2000
Path http://www.bh.com
942 ## - ADDED ENTRY ELEMENTS (KOHA)
Source of classification or shelving scheme Dewey Decimal Classification
Koha item type Books
Holdings
Date last seen Total checkouts Full call number Barcode Cost, replacement price Price effective from Koha item type Lost status Source of classification or shelving scheme Damaged status Not for loan Withdrawn status Home library Current library Shelving location Date acquired Cost, normal purchase price
04/15/2025   658.834 PHI 0000004064 90000.00 04/15/2025 Books   Dewey Decimal Classification       College of Business Education Main Library College of Business Education Main Library General Collection 04/15/2025 30000.00